| 000 | 01013nas a2200253 i 4500 | ||
|---|---|---|---|
| 001 | 168953 | ||
| 003 | ES-MaACL | ||
| 005 | 20250807062551.0 | ||
| 008 | 080703d18861892sp f| | ||pa d | ||
| 022 | _a0213-9960 | ||
| 080 | _a61 | ||
| 245 | 0 | 0 |
_aAnuario de medicina y cirugía _b: revista semestral dedicada al examen retrospectivo de todos los descubrimientos y adelantos prácticos en las ciencias médicas tomado del Retrospect of Medicine / _cpor Enrique Camps y Rocha. |
| 260 |
_aMadrid : _bCarlos Bailly-Bailliere, _c1886-1892. |
||
| 300 |
_a2 vol. : _bil. ; _c17 cm. |
||
| 310 | _aSemestral | ||
| 362 | 0 | _a2. serie, t. 1 (en./jun. 1885) - 2. serie, t. 14 (jul./dic. 1891) | |
| 650 | 0 | 7 |
_aMedicina _2embne _914891 |
| 700 | 1 |
_aCamps y Rocha, Enrique. _9126304 |
|
| 780 | 0 | 0 | _tAnuario de medicina y cirugía prácticas |
| 785 | 0 | 0 | _tAnuario internacional de medicina y cirugía |
| 852 |
_aES-MaACL _jB-11687 _z.- Legado Gustavo Saenz Diez |
||
| 866 | 0 | _o(en/jun.1885) | |
| 999 |
_c168953 _d168953 |
||